Wszyscy Władcy Polski - Statystyki

Ogólne statystyki
  • Ten quiz został rozwiązany 7 620 razy
  • Średni wynik to 34 z 52
Statystyki odpowiedzi
Data Panowania Władca % Poprawnych
992-1025 Bolesław I Chrobry
97%
960-992 Mieszko I
97%
1333-1370 Kazimierz III Wielki
87%
2015- Andrzej Duda
83%
1386-1434 Władysław II Jagiełło
82%
1107-1138 Bolesław III Krzywousty
81%
1764-1795 Stanisław August Poniatowski
79%
2005-2010 Lech Kaczyński
78%
1990-1995 Lech Wałęsa
78%
1025-1031 Mieszko II Lambert
78%
1032-1034 Mieszko II Lambert
78%
1320-1333 Władysław I Łokietek
77%
2010-2015 Bronisław Komorowski
76%
1034-1058 Kazimierz I Odnowiciel
76%
1995-2005 Aleksander Kwaśniewski
74%
1674-1696 Jan III Sobieski
73%
1058-1079 Bolesław II Szczodry
72%
1981-1989 Wojciech Jaruzelski
72%
1384-1399 Jadwiga I Andegaweńska
71%
1918-1922 Józef Piłsudski
70%
1587-1632 Zygmunt III Waza
70%
1506-1548 Zygmunt I Stary
70%
1031-1032 Bezprym
69%
1576-1586 Stefan I Batory
69%
1573-1575 Henryk I Walezy
65%
1970-1980 Edward Gierek
64%
1922 Gabriel Narutowicz
64%
1697-1704 August II Mocny
62%
1709-1733 August II Mocny
62%
1948-1956 Bolesław Bierut
62%
1370-1382 Ludwik I Węgieski
62%
1733-1763 August III Sas
61%
1334-1344 Władysław III Warneńczyk
61%
1548-1572 Zygmunt II August
61%
1956-1970 Władysław Gomułka
60%
1575-1586 Anna Jagiellonka
57%
1926-1939 Ignacy Mościcki
57%
1648-1668 Jan II Kazimierz
56%
1492-1501 Jan I Olbracht
56%
1447-1492 Kazimierz IV Jagiellończyk
56%
1295-1296 Przemysł II
56%
1079-1098 Władysław I Herman
56%
1669-1673 Michał Korybut Wiśniowiecki
55%
1704-1709 Stanisław I Leszczyński
55%
1733-1736 Stanisław I Leszczyński
55%
1291-1305 Wacław II
55%
1632-1648 Władysław IV Waza
53%
1305-1306 Wacław III
48%
1501-1506 Aleksander I Jagiellończyk
46%
1922-1926 Stanisław Wojciechowski
40%
1980-1981 Stanisław Kania
31%
1956 Edward Ochab
29%
Nie znaleziono quizów pasujących do podanych kryteriów
Rozkład punktacji
Procent ludzi z każdym wynikiem
Percentyl według liczby udzielonych odpowiedzi
Twoja historia wyników
Nie rozwiązałeś tego quizu